MEDIA LEKHAN KALA (Record no. 9051)
[ view plain ]
| 000 -LEADER | |
|---|---|
| fixed length control field | 00340nam a2200145Ia 4500 |
| 003 - CONTROL NUMBER IDENTIFIER | |
| control field | OSt |
| 005 - DATE AND TIME OF LATEST TRANSACTION | |
| control field | 20240108165839.0 |
| 008 - FIXED-LENGTH DATA ELEMENTS--GENERAL INFORMATION | |
| fixed length control field | 170524s9999 xx 000 0 und d |
| 020 ## - INTERNATIONAL STANDARD BOOK NUMBER | |
| International Standard Book Number | 9788189612245 |
| 040 ## - CATALOGING SOURCE | |
| Transcribing agency | IIMT UNIVERSITY |
| 100 ## - MAIN ENTRY--PERSONAL NAME | |
| Personal name | SINGH- NISHANT |
| 245 #0 - TITLE STATEMENT | |
| Title | MEDIA LEKHAN KALA |
| 260 ## - PUBLICATION, DISTRIBUTION, ETC. | |
| Name of publisher, distributor, etc. | OMEGA PUB. NEW DELHI |
| 942 ## - ADDED ENTRY ELEMENTS (KOHA) | |
| Source of classification or shelving scheme | |
| Koha item type | Text-Book- for 7 days |
| Withdrawn status | Lost status | Source of classification or shelving scheme | Damaged status | Not for loan | Home library | Current library | Date acquired | Full call number | Barcode | Date last seen | Uniform Resource Identifier | Price effective from | Koha item type | Total Checkouts | Date last checked out | Total Renewals |
|---|---|---|---|---|---|---|---|---|---|---|---|---|---|---|---|---|
| IIMT University Central Library Meerut | IIMT University Central Library Meerut | 05/31/2017 | R | 01-B-93939 | 05/31/2017 | Journalism and Mass Communication | 05/31/2017 | Reference Book | ||||||||
| IIMT University Central Library Meerut | IIMT University Central Library Meerut | 05/31/2017 | 01-B-93940 | 09/19/2018 | Journalism and Mass Communication | 05/31/2017 | Book Bank | 1 | 09/01/2018 | |||||||
| IIMT University Central Library Meerut | IIMT University Central Library Meerut | 05/31/2017 | 01-B-94624 | 01/23/2021 | Journalism and Mass Communication | 05/31/2017 | Book Bank | 2 | 01/12/2021 | 1 |

